La Estratificación social bajo tensión en la era de la globalización /
Shranjeno v:
| Glavni avtor: | |
|---|---|
| Drugi avtorji: | |
| Format: | Texto |
| Teme: | |
| Oznake: |
Označite
Brez oznak, prvi označite!
|
MARC
| LEADER | 00000 a a2200000 04500 | ||
|---|---|---|---|
| 001 | 15939 | ||
| 003 | |||
| 040 | |||
| 100 | |a Klein, Emilio | ||
| 245 | |a La Estratificación social bajo tensión en la era de la globalización / |c Emilio Klein ; Víctor E Tokman | ||
| 650 | |a GLOBALIZACION | ||
| 650 | |a LIBERALIZACION DEL INTERCAMBIO | ||
| 650 | |a ESTRATIFICACION SOCIAL | ||
| 650 | |a CONDICIONES ECONOMICAS | ||
| 650 | |a DISTRIBUCION DE LA RIQUEZA | ||
| 700 | |a Tokman, Víctor E | ||
| 773 | |g número 72; páginas 7-30 | ||
| 999 | |c 33415 |d 33415 | ||
